El gran eslabón: educación y desarrollo en el umbral del siglo XXI

Uloženo v:
Podrobná bibliografie
Hlavní autor: Hopenhayn, Martín (Autor)
Další autoři: Ottone Fernández, Ernesto (autor)
Médium: Kniha
Jazyk:španělština
Vydáno: Ciudad de México Fondo de Cultura Económica 2000
Edice:Colección Popular, 575
Témata:
Tagy: Přidat tag
Žádné tagy, Buďte první, kdo vytvoří štítek k tomuto záznamu!

MARC

LEADER 00000nam a2200000 a 4500
001 UCO4336
003 CL-VaPUC
008 000804e20000000MX |||||||||||||||||spa|d
082 0 4 |a 370.01  |b HOP  |2 21 
100 |a Hopenhayn, Martín  |e author  |9 599499 
700 |a Ottone Fernández, Ernesto  |e autor  |9 574803 
245 1 3 |a El gran eslabón: educación y desarrollo en el umbral del siglo XXI 
300 |a 138 p 
942 |c BK 
945 |d 20000804 00:00:00  |a rbrito 
260 |a Ciudad de México  |b Fondo de Cultura Económica  |c 2000 
650 0 |a Filosofía de la educación   |9 258384 
650 0 |a Reforma educacional   |9 256319 
583 |a last modification  |c 20000804 00:00:00  |k Rodrigo Vera 
490 0 |a Colección Popular, 575 
999 |c 290395  |d 290393 
952 |0 0  |1 0  |4 0  |6 370_010000000000000_HOP_2000  |7 0  |8 A  |9 339773  |a BIBEDU  |b BIBEDU  |d 2019-11-20  |i 3637034  |o 370.01 HOP 2000  |p 3637034  |r 2019-11-20  |w 2019-11-20  |y BK  |k EPE